000 00354nam a2200145Ia 4500
008 151213s9999 xx 000 0 und d
100 _aDhaka Law Report
245 _aDhaka Law Report
_cDhaka Law Report
260 _aDhaka
_bDhaka Law Report
_c1984
300 _a7270 p.
650 _aLaw
650 _aLaw
700 _aDhaka Law Report
999 _c3854
_d3854